000 00300nam a22001217a 4500
008 180423b xxu||||| |||| 00| 0 eng d
041 _aeng
080 _a043.3
100 _a0
101 _aINI-BA
245 _aProjekti i Organizimit te Biblotekes dhe Arkives ne Lipjan
_cDibra, B
942 _2udc
_cBK
999 _c45427
_d45427